书目信息 |
| 题名: |
中国电影的史学建构
|
|
| 作者: | 李道新 著 | |
| 分册: | ||
| 出版信息: | 北京 中国广播电视出版社 2004 |
|
| 页数: | 423页 | |
| 开本: | 20cm | |
| 丛书名: | ||
| 单 册: | ||
| 中图分类: | J909.2 | |
| 科图分类: | ||
| 主题词: | 电影史--研究--中国 , 电影史 | |
| 电子资源: | ||
| ISBN: | 7-5043-4292-0 | |
| 000 | 00814nam0 2200265 450 | |
| 001 | 010000004512 | |
| 005 | 20051205155901.40 | |
| 010 | @a7-5043-4292-0@dCNY25.00 | |
| 092 | @aCN | |
| 100 | @a20050707d2004 ekmy0chiy0120 ea | |
| 101 | 0 | @achi |
| 102 | @aCN@b110000 | |
| 105 | @ay az 000yy | |
| 200 | 1 | @a中国电影的史学建构@9zhong guo dian ying de shi xue jian gou@f李道新著@Fli dao xin zhu |
| 210 | @a北京@c中国广播电视出版社@d2004 | |
| 215 | @a423页@d20cm | |
| 320 | @a有书目 | |
| 330 | @a本书分别从类型研究、文化研究与比较研究的视野探讨中国电影自诞生以来的历史,分析中国电影的发展、技术水平、社会蕴含等。 | |
| 606 | 0 | @a电影史@x研究@y中国 |
| 606 | 0 | @a电影史 |
| 690 | @aJ909.2@v4 | |
| 701 | 0 | @a李道新@Ali dao xin@4著 |
| 801 | 0 | @aCN@bNLC@c20051205 |
| 905 | @a10447@dJ909.2@e118 | |
| 999 | @aWJ | |
| 中国电影的史学建构/李道新著.-北京:中国广播电视出版社,2004 |
| 423页;20cm |
| ISBN 7-5043-4292-0:CNY25.00 |
| 本书分别从类型研究、文化研究与比较研究的视野探讨中国电影自诞生以来的历史,分析中国电影的发展、技术水平、社会蕴含等。 |
| ● |
| 相关链接 |
|
|
|
|
正题名:中国电影的史学建构
索取号:J909.2/118
 
预约/预借
| 序号 | 登录号 | 条形码 | 馆藏地/架位号 | 状态 | 备注 |
| 1 | 0370162 | 203701627 | 第一样本阅览室/ [索取号:J909.2/118] | 在馆 | |
| 2 | 0370163 | 203701636 | 第一借阅区/ [索取号:J909.2/118] | 在馆 | |
| 3 | 0370164 | 203701645 | 第一借阅区/ [索取号:J909.2/118] | 在馆 | |
| 4 | 0370165 | 203701654 | 第一借阅区/ [索取号:J909.2/118] | 在馆 | |
| 5 | 0370166 | 203701663 | 第一借阅区/ [索取号:J909.2/118] | 在馆 |